000 00285nam a2200109Ia 4500
005 20251222144842.0
008 251222s9999||||xx |||||||||||||| ||spa||
082 _a869.261/U61
245 0 _aSiete Cuentos para Borges:
264 _bUniversidad Nacional Mayor de San Marcos
942 _cLIB
999 _c21267
_d21267